01774nam a2200457 i 450000100060000000300090000600500170001500800410003201500150007302000150008804000280010304100130013104600090014408000300015308000360018324500700021926000470028930000420033633600270037833700540040533800280045938000160048738800140050338800140051749000730053150001220060454600190072664800140074564800140075965000270077365000150080065100650081565100720088065100370095265800340098965800340102370000390105771000640109683000580116085600980121832927KOSZ 00520240405063059.0980602s1998 pl a |000 0 pol  aPB 6316/98 a8387341479 aWA NcWA NdKOSZ 005/HR0 apolbeng k1998 a331.56/.57(438)"1989/..." a316.334.5-057.19(438)"1989/..."00aMonografia bezrobocia popegeerowskiego /cJózef Hozer [et al.]. aSzczecin :bWydawnictwo Naukowe US,c1998. a50, [1] s. :b1 mapa, wykr. ;c24 cm. 2rdacontentaTekstbtxt 2rdamediaaBez urządzenia pośredniczącegobn 2rdacarrieraWoluminbnc aKsiążki a1901-2000 a1989-20001 aRozprawy i Studia / Uniwersytet Szczeciński,x0860-2751 ;vt. 276. aNa s. tyt. także t. 350 oznaczający nr kolejny serii Rozprawy i Studia do nr 74 wydawanej przez WSP w Szczecinie. aStreszcz. ang. 7a1901-2000 7a1989-2000 4aObszary popegeerowskie 4aBezrobocie 4aBatowo (woj. zachodniopomorskie, pow. pyrzycki, gm. Lipiany) 4aŁabuń Wielki (woj. zachodniopomorskie, pow. łobeski, gm. Resko) 4aŁobez (woj. zachodniopomorskie) aGospodarka, ekonomia, finanse aSocjologia i społeczeństwo1 aHozer, Józefd(1948- )eRedakcja2 aWydawnictwo Naukowe Uniwersytetu Szczecińskiego b 4pbl. 0aRozprawy i Studia - Uniwersytet Szczecińskivt. 276 uhttp://koha.tu.koszalin.pl/cgi-bin/koha/opac-detail.pl?biblionumber=32927yKatalog online BPK